Tự học thiết kế web Tập 2
Quyển sách đề cập đến những chi tiết thực hành của HTML cơ bản và bảng kiểu. Giải thích cách sử dụng định dạng GIF hoặc JPEG cho các loại hình ảnh khác nhau. Gợi ý những điều nên hoặc không nên khi làm thiết kế web....
Sparad:
| Huvudupphovsman: | |
|---|---|
| Materialtyp: | Bok |
| Språk: | Vietnamese |
| Publicerad: |
H.
Lao động - Xã hội
2007
|
| Ämnen: | |
| Taggar: |
Lägg till en tagg
Inga taggar, Lägg till första taggen!
|
| Thư viện lưu trữ: | Thư viện Trường Đại học Nam Cần Thơ |
|---|
| LEADER | 01727nam a22002417a 4500 | ||
|---|---|---|---|
| 001 | NCT_21267 | ||
| 008 | 171115b xxu||||| |||| 00| 0 vie d | ||
| 999 | |c 1008 |d 1008 | ||
| 020 | |c 62000 | ||
| 082 | 0 | 4 | |2 23rd ed. |a 005.3 |b H407/T.2 |
| 100 | 1 | |a Lê Minh Hoàng |e Chủ biên | |
| 245 | 1 | 0 | |a Tự học thiết kế web |n Tập 2 |c Lê Minh Hoàng |
| 260 | |a H. |b Lao động - Xã hội |c 2007 | ||
| 300 | |a 303 tr |b Ảnh minh họa |c 24 cm | ||
| 520 | 3 | |a Quyển sách đề cập đến những chi tiết thực hành của HTML cơ bản và bảng kiểu. Giải thích cách sử dụng định dạng GIF hoặc JPEG cho các loại hình ảnh khác nhau. Gợi ý những điều nên hoặc không nên khi làm thiết kế web. | |
| 653 | |a Công nghệ thông tin | ||
| 942 | |2 ddc |c BK | ||
| 952 | |0 0 |1 0 |2 ddc |4 0 |6 005_300000000000000_H407_T_2 |7 0 |9 3733 |a 000001 |b 000001 |d 2017-11-15 |o 005.3 H407/T.2 |p MD.01722 |r 2017-11-15 |v 62000.00 |w 2017-11-15 |y BK | ||
| 952 | |0 0 |1 0 |2 ddc |4 0 |6 005_300000000000000_H407_T_2 |7 0 |9 3734 |a 000001 |b 000001 |d 2017-11-15 |o 005.3 H407/T.2 |p MD.01723 |r 2017-11-15 |v 62000.00 |w 2017-11-15 |y BK | ||
| 952 | |0 0 |1 0 |2 ddc |4 0 |6 005_300000000000000_H407_T_2 |7 0 |9 3735 |a 000001 |b 000001 |d 2017-11-15 |o 005.3 H407/T.2 |p MD.01724 |r 2017-11-15 |v 62000.00 |w 2017-11-15 |y BK | ||
| 952 | |0 0 |1 0 |2 ddc |4 0 |6 005_300000000000000_H407_T_2 |7 0 |9 3736 |a 000001 |b 000001 |d 2017-11-15 |o 005.3 H407/T.2 |p MD.01725 |r 2017-11-15 |v 62000.00 |w 2017-11-15 |y BK | ||
| 952 | |0 0 |1 0 |2 ddc |4 0 |6 005_300000000000000_H407_T_2 |7 0 |9 3737 |a 000001 |b 000001 |d 2017-11-15 |l 1 |o 005.3 H407/T.2 |p MD.01728 |r 2018-05-17 |s 2018-03-20 |v 62000.00 |w 2017-11-15 |y BK | ||
| 980 | |a Thư viện Trường Đại học Nam Cần Thơ | ||